| 000 | 00385nam a2200157Ia 4500 | ||
|---|---|---|---|
| 008 | 210719s1983 xx 000 0 und d | ||
| 041 | _aeng | ||
| 082 | _a355.2 LONY | ||
| 100 | _aLONGER (V) | ||
| 245 | _aYouth in step. | ||
| 260 |
_aNew Delhi. _bLancer International., _c1983 |
||
| 300 |
_a220 _bHB |
||
| 365 |
_b115 _cRs |
||
| 650 | _aMilitary Science | ||
| 906 | _aNCC Cadut corps | ||
| 999 |
_c212565 _d212565 |
||